000 00324cam a2200133ua 4500
041 _aeng
_h
100 _aSinha babu, D.P .
245 _aRice-Fish An Intergrated Farming system for waterlonged low lands
260 _a :
_bFarmDepartment ,
_c1997.
300 _a ; .
504 _a
942 _cBK
999 _c12954
_d12954